000 00479nam a2200181Ia 4500
005 20250317130812.0
008 008 250317s9999 xx 000 0 eng d
037 _aTextbook
040 _aFMSL
_beng
_cFMSL
041 _aeng
_2eng
084 _aX:8F P2
_qFMSL
100 _aVij M
245 0 _aFicial and management accounting
260 _aNew Delhi
_bNew Delhi, Anmol
_c1998
300 _a325p
942 _cTB
_hX:8F P2
999 _c1265349
_d1265349